000 00765nam a2200229Ia 4500
003 OSt
005 20220923221932.0
006 a|||||r|||| 00| 0
007 ta
008 220922b |||||||| |||| 00| 0 hin d
024 _a201,240
037 _cTextual
040 _aARTS
_cARTS
_bhin
041 _2hin
_ahin
082 _aV2:25xM97x, 152M3.1-.2
100 _aबोस, शिशिर कुमार
245 0 _aनेताजी सम्पूर्ण वाडमय
246 _aNetājī sampūrṇa vāḍamaya
260 _aनई दिल्ली
_b दिदेंशक प्रका0
_c1983
942 _hV2:25xM97x, 152M3.1-.2
_cTEXL
_2CC
999 _c352893
_d352893